| 000 | 00429 a2200145 4500 | ||
|---|---|---|---|
| 999 |
_c3938 _d3938 |
||
| 020 | _a9780500203941 | ||
| 050 | _aN 7432.7 GAG 2006 | ||
| 100 |
_aGage, John _eauthor |
||
| 245 |
_aColour in art / _cJohn Gage |
||
| 264 |
_aLondon: _bThames and Hudson world of art, _c2006 |
||
| 300 |
_a224p.: _bill.(col.) |
||
| 500 | _aIncludes bibliographical references and index | ||
| 650 | _acolour contrasts | ||
| 942 |
_2lcc _cBK _h7432.7 _iGAG _kN |
||